00640 2200229 4500001002100000005001500021035002000036007000300056008004100059020002200100082001000122084001600132100002000148245008700168260003000255300003200285650002200317700001800339504003100357990001100388990001100399INLIS00000000000294120190119111204 a0010-0119000293ta190119 g 0 ind  a978-602-8512-93-0 a612.6 a612.6 NUR p0 aNURUL, Chomaria1 aPanduan Terlengkap Perawatan Bayi Baru /cNurul Chomaria; penyunting, Erlina Zachi aSurakarta :bCinta,c2018 a164 hlm. :bilus. ;c21 cm. aFISIOLOGI MANUSIA0 aERLINA, Zachi aBibliografi : hlm. 163-164 a6371 a a6371 b